|
|
|
|
| LEADER |
00000nam a2200000 a 4500 |
| 001 |
vtls011743171 |
| 003 |
SK-MaSNL |
| 005 |
20260302091446.0 |
| 008 |
251112s1727 gw 000 0 lat |
| 015 |
|
|
|a SNBHFA1727
|
| 035 |
|
|
|a 99790623-3C97-4FC7-9B60-AAABD8BF91C1
|
| 035 |
|
|
|a urn:nbn:sk:snk-am3ibve
|
| 035 |
|
|
|a urn:nbn:sk:snk-am00e2b5
|
| 040 |
|
|
|a SNKHF
|b slo
|c SNK
|e AACR2
|
| 041 |
0 |
|
|a lat
|
| 044 |
|
|
|a gw
|c DE
|
| 072 |
|
7 |
|a 2
|x Náboženstvo
|2 konspekt
|
| 080 |
|
|
|a 21/29-1/-9
|2 2011
|
| 080 |
|
|
|a 2-1
|2 2011
|
| 080 |
|
|
|a 378.245
|2 2001
|
| 080 |
|
|
|a 27-549
|2 2011
|
| 100 |
1 |
|
|a Schmidt, Johann Andreas,
|d 1652-1726
|4 aut
|9 358774
|
| 245 |
1 |
0 |
|a De Oblatis Evcharisticis Qvae Hostiae Vocari Solent
|c Praeside Jo. Andr. Schmidio Abbate Mariavallensi ; Responsvrvs Avtor Philip. Jvl. Rehtmeier
|
| 260 |
|
|
|a Helmstadii
|b Recus. In Officina Bvcholtziana
|c MDCCXXVII. [=1727]
|
| 300 |
|
|
|a 54, [2] strán
|b ilustrácia
|c 20 cm
|
| 500 |
|
|
|a Rozkladacia ilustrácia znázorňujúca rôzne druhy hostií, vinet, iniciálky tlačené bez pozadia na 2 a 5 riadkov
|
| 501 |
|
|
|a Príväzok 2. k: SCHMIDT, Johann Andreas. Modvm Probandi Innocentiam per Evcharistiam Secvndvm Vvlgare Sed Pessimvm Ich will das Abendmahl drauff nehmen. Vittembergae: Recvsa per Joh. Godofr. Scholomachivm, Ann. MDCCXXIX. [=1729].
|5 SNK ID 100132
|
| 546 |
|
|
|a Latinčina
|b Antikva
|b Kurzíva
|
| 561 |
|
|
|a Z knižnice Učenej spoločnosti malohontskej.
|5 SNK ID 100132/prív.2
|
| 562 |
|
|
|a Rukopisné poznámky a marginálie v latinčine.
|5 SNK ID 100132/prív.2
|
| 650 |
0 |
7 |
|a teológia
|2 SNKPH
|9 1814
|
| 650 |
0 |
7 |
|a dizertácie
|2 SNKPH
|9 4040
|
| 650 |
0 |
7 |
|a eucharistia
|2 SNKPH
|9 796
|
| 700 |
1 |
|
|a Rehtmeyer, Philipp Julius,
|d 1678-1742
|4 dis
|9 562668
|
| 710 |
2 |
|
|a Učená spoločnosť malohontská
|4 fmo
|9 205374
|
| 710 |
0 |
|
|a Buchholtz, Sebastian (Helmstadt, Nemecko),
|d 1725-1731
|4 prt
|9 612983
|
| 752 |
|
|
|a Nemecko
|d Helmstadt
|
| 852 |
|
|
|a snk
|b Historické fondy
|p ID 100132/prív.2
|
| 958 |
|
|
|a ONDV
|
| 999 |
|
|
|c 1200713
|d 1202643
|
| 952 |
|
|
|t MHC II.B.e.XXXVII
|a SNK
|b SNK
|c SNK_HF
|y PREZ
|7 0
|p 17A1299878
|o snkID 100132/prív.2
|i snk2018/4700
|8 5
|0 0
|1 0
|4 0
|d 2018-02-23
|f 1
|l 0
|r 2026-02-24 22:41:03
|w 2026-02-24
|